000 00239nam a22001097a 4500
041 _aeng
080 _a80
100 _aGuralnik, David
245 _aWebster`s New World Dictonery. Elementary Edition
650 _aReference
999 _c278154
_d278154
942 _cBK